Sprites de Link dans The Legend of Zelda - Statistiques

Statistiques générales
  • Ce quiz a été pris 96 fois
  • Le résultat moyen est 13 sur 17
Statistiques - réponses
Par images Réponse % Correct
Twilight Princess
99%
Breath of the Wild | Tears of the Kingdom
97%
The Wind Waker
97%
Majora's Mask
90%
Skyward Sword
90%
Phantom Hourglass
89%
Ocarina of Time
82%
The Legend of Zelda
77%
Echoes of Wisdom
76%
Spirit Tracks
76%
The Adventure of Link
76%
Four Swords | The Minish Cap | Four Swords Adventures
72%
A Link Between Worlds
71%
A Link to the Past
65%
Link's Awakening
56%
Oracle of Ages | Oracle of Seasons
54%
Tri Force Heroes
46%
Aucun quiz correspondant
Distribution des résultats
% des personnes avec chaque résultat
Percentile par nombre de réponses
Votre historique - résultats
Vous n’avez pas pris ce quiz